Fundamental financial accounting concepts / (Record no. 1290)
[ view plain ]
| 000 -LEADER | |
|---|---|
| fixed length control field | 00644cam a22002052 4500 |
| 001 - CONTROL NUMBER | |
| control field | 0000023324 |
| 005 - DATE AND TIME OF LATEST TRANSACTION | |
| control field | 20151021151143.0 |
| 008 - FIXED-LENGTH DATA ELEMENTS--GENERAL INFORMATION | |
| fixed length control field | 121112s xx 000 0 eng d |
| 020 ## - INTERNATIONAL STANDARD BOOK NUMBER | |
| International Standard Book Number | 0071220712 : |
| 040 ## - CATALOGING SOURCE | |
| Original cataloging agency | KABU |
| Transcribing agency | KABU |
| 050 #0 - LIBRARY OF CONGRESS CALL NUMBER | |
| Classification number | HF5635 |
| Item number | .F95 2011 |
| 245 10 - TITLE STATEMENT | |
| Title | Fundamental financial accounting concepts / |
| Statement of responsibility, etc. | Thomas P. Edmonds, ... [et al.] |
| 250 ## - EDITION STATEMENT | |
| Edition statement | 7th ed. |
| 260 ## - PUBLICATION, DISTRIBUTION, ETC. (IMPRINT) | |
| Place of publication, distribution, etc. | Boston, Massachusetts : |
| Name of publisher, distributor, etc. | Irwin/McGraw-Hill, |
| Date of publication, distribution, etc. | 2011. |
| 300 ## - PHYSICAL DESCRIPTION | |
| Extent | xxxii, 773 p. |
| 650 #0 - SUBJECT ADDED ENTRY--TOPICAL TERM | |
| Topical term or geographic name as entry element | Accounting. |
| -- | 0000148321 |
| 700 1# - ADDED ENTRY--PERSONAL NAME | |
| Dates associated with a name | Edmonds, Thomas P. |
| 852 1# - LOCATION | |
| -- | p3,604 KES |
| 908 ## - PUT COMMAND PARAMETER (RLIN) | |
| Put command parameter | 121112 |
| Withdrawn status | Lost status | Source of classification or shelving scheme | Not for loan | Home library | Current library | Date acquired | Total Checkouts | Full call number | Barcode | Date last seen | Date last checked out | Price effective from | Koha item type |
|---|---|---|---|---|---|---|---|---|---|---|---|---|---|
| Library of Congress Classification | Kabarak, Nakuru City Campus | Kabarak, Nakuru City Campus | 21/10/2015 | 1 | HF5635 .F95 2011 c.1 | 013798 | 11/12/2019 | 09/12/2019 | 21/10/2015 | General Collection |